| 000 -LEADER |
| fixed length control field |
02207cam a2200505 i 4500 |
| 001 - CONTROL NUMBER |
| control field |
17578785 |
| 003 - CONTROL NUMBER IDENTIFIER |
| control field |
OSt |
| 005 - DATE AND TIME OF LATEST TRANSACTION |
| control field |
20210419051850.0 |
| 008 - FIXED-LENGTH DATA ELEMENTS--GENERAL INFORMATION |
| fixed length control field |
130103s2013 nyuab b 001 0deng |
| 010 ## - LIBRARY OF CONGRESS CONTROL NUMBER |
| LC control number |
2012049719 |
| 020 ## - INTERNATIONAL STANDARD BOOK NUMBER |
| International Standard Book Number |
9780385532921 |
| 020 ## - INTERNATIONAL STANDARD BOOK NUMBER |
| International Standard Book Number |
9780307476418 (pbk.) |
| 040 ## - CATALOGING SOURCE |
| Original cataloging agency |
DLC |
| Language of cataloging |
eng |
| Transcribing agency |
DLC |
| Description conventions |
rda |
| Modifying agency |
DLC |
| 042 ## - AUTHENTICATION CODE |
| Authentication code |
pcc |
| 043 ## - GEOGRAPHIC AREA CODE |
| Geographic area code |
e-uk--- |
| -- |
aw----- |
| -- |
a-tu--- |
| 050 00 - LIBRARY OF CONGRESS CALL NUMBER |
| Classification number |
D568.4.L45 |
| Item number |
A66 2013 |
| 080 ## - UNIVERSAL DECIMAL CLASSIFICATION NUMBER |
| Universal Decimal Classification number |
94 |
| Item number |
A-54 |
| 082 00 - DEWEY DECIMAL CLASSIFICATION NUMBER |
| Classification number |
940.4/1241092 |
| -- |
B |
| Edition number |
23 |
| 100 1# - MAIN ENTRY--PERSONAL NAME |
| Personal name |
Anderson, Scott, |
| Dates associated with a name |
1959- |
| 245 10 - TITLE STATEMENT |
| Title |
Lawrence in Arabia : |
| Remainder of title |
war, deceit, imperial folly and the making of the modern Middle East / |
| Statement of responsibility, etc. |
Scott Anderson. |
| 250 ## - EDITION STATEMENT |
| Edition statement |
First Edition. |
| 264 #1 - PRODUCTION, PUBLICATION, DISTRIBUTION, MANUFACTURE, AND COPYRIGHT NOTICE |
| Place of production, publication, distribution, manufacture |
New York : |
| Name of producer, publisher, distributor, manufacturer |
Doubleday, |
| Date of production, publication, distribution, manufacture, or copyright notice |
2013. |
| 300 ## - PHYSICAL DESCRIPTION |
| Extent |
xii, 577 pages ; |
| Other physical details |
illustrations, maps ; |
| Dimensions |
25 cm |
| 336 ## - CONTENT TYPE |
| Content type term |
text |
| Source |
rdacontent |
| 337 ## - MEDIA TYPE |
| Media type term |
unmediated |
| Source |
rdamedia |
| 338 ## - CARRIER TYPE |
| Carrier type term |
volume |
| Source |
rdacarrier |
| 365 ## - TRADE PRICE |
| Price amount |
28.95 usd |
| 500 ## - GENERAL NOTE |
| General note |
Maps on lining papers. |
| 504 ## - BIBLIOGRAPHY, ETC. NOTE |
| Bibliography, etc. note |
Includes bibliographical references (pages 543-552) and index. |
| 505 0# - FORMATTED CONTENTS NOTE |
| Formatted contents note |
Playboys in the holy land -- A very unusual type -- Another and another nice thing -- To the last million -- A despicable mess -- The keepers of secrets -- Treachery -- The battle joined -- The man who would be kingmaker -- Neatly in the void -- A mist of deceits -- An audacious scheme -- Aqaba -- Hubris -- To the flame -- A gathering fury -- Solitary pursuits -- Damascus -- Epilogue: Paris. |
| 600 10 - SUBJECT ADDED ENTRY--PERSONAL NAME |
| Personal name |
Lawrence, T. E. |
| Fuller form of name |
(Thomas Edward), |
| Dates associated with a name |
1888-1935. |
| 610 10 - SUBJECT ADDED ENTRY--CORPORATE NAME |
| Corporate name or jurisdiction name as entry element |
Great Britain. |
| Subordinate unit |
Army |
| Form subdivision |
Biography. |
| 650 #0 - SUBJECT ADDED ENTRY--TOPICAL TERM |
| Topical term or geographic name entry element |
World War, 1914-1918 |
| General subdivision |
Campaigns |
| Geographic subdivision |
Middle East. |
| 650 #0 - SUBJECT ADDED ENTRY--TOPICAL TERM |
| Topical term or geographic name entry element |
World War, 1914-1918 |
| General subdivision |
Campaigns |
| Geographic subdivision |
Turkey. |
| 650 #0 - SUBJECT ADDED ENTRY--TOPICAL TERM |
| Topical term or geographic name entry element |
Soldiers |
| Geographic subdivision |
Great Britain |
| Form subdivision |
Biography. |
| 651 #0 - SUBJECT ADDED ENTRY--GEOGRAPHIC NAME |
| Geographic name |
Middle East |
| General subdivision |
History |
| Chronological subdivision |
1914-1923. |
| 653 ## - INDEX TERM--UNCONTROLLED |
| Uncontrolled term |
ისტორია |
| 653 ## - INDEX TERM--UNCONTROLLED |
| Uncontrolled term |
დიდი ბრიტანეთი |
| 653 ## - INDEX TERM--UNCONTROLLED |
| Uncontrolled term |
პირველი მსოფლიო ომი |
| 653 ## - INDEX TERM--UNCONTROLLED |
| Uncontrolled term |
ბიოგრაფია |
| 653 ## - INDEX TERM--UNCONTROLLED |
| Uncontrolled term |
შუა აზია |
| 906 ## - LOCAL DATA ELEMENT F, LDF (RLIN) |
| a |
7 |
| b |
cbc |
| c |
orignew |
| d |
1 |
| e |
ecip |
| f |
20 |
| g |
y-gencatlg |
| 942 ## - ADDED ENTRY ELEMENTS (KOHA) |
| Source of classification or shelving scheme |
|
| Koha item type |
Books |